• 首页
  • 本馆介绍
  • 公告通知
  • 最新文献
  • 馆藏检索
  • 电子资源
  • 读者导购
  • 参考咨询
  • 我的图书馆
  • 登录
  • 详细信息显示
  • 放入我的书架
  • 预约/预借图书
  • 作者相关作品
  • 分类相关作品
  • 丛书相关作品
  • 出版社相关作品

书目信息

  • 表格格式
  • 工作单格式
  • 卡片格式
题名:
跳马的教学与训练
    
 
作者: 韩毅 , 罗秀霞 著
分册:  
出版信息: 北京   人民体育出版社  1977
页数: 148页
开本: 19cm
丛书名:
单 册:
中图分类: G832.2
科图分类:
主题词: 跳马项目-体育教学 , 跳马项目-运动训练
电子资源:
ISBN:
000 00729nam0 2200265 45
001 0177001392
005 20040922165359.8
010    @dCNY0.74
091    @a7015.1579
100    @a19950928d1977 em y0chiy0121 ea
101 0  @achi
102    @aCN@b110000
105    @af z 000yy
106    @ar
200 10 @a跳马的教学与训练@Atiao ma de jiao xue yu xun lian@f韩毅,罗秀霞著@FHan Yi,Luo Xiu Xia Zhu
210    @a北京@c人民体育出版社@d1977
215    @a148页@c图@d19cm
606    @a跳马项目-体育教学
606    @a跳马项目-运动训练
690    @aG832.2@v3
701  0 @a韩毅@Ahan yi@4著
701  0 @a罗秀霞@4著
801  0 @aCN@b广东省中山图书馆@c20040922
801  2 @aCN@bNLC@c20040922
905    @f1@b153044@dG832.2@e11
    
    跳马的教学与训练/韩毅,罗秀霞著.-北京:人民体育出版社,1977
    148页:图;19cm
    
    
    ISBN :CNY0.74
    
●
相关链接 在E读中查询图书 在五车中查询图书 在当当中查询图书 在豆瓣中查询图书


正题名:跳马的教学与训练     索取号:G832.2/11         预约/预借

序号 登录号 条形码 馆藏地/架位号 状态 备注
1 0153042   000995506   密集书库/ [索取号:G832.2/11] 在馆    
2 0153043   000994605   密集书库/ [索取号:G832.2/11] 在馆    
3 0153044   000994598   密集书库/ [索取号:G832.2/11] 在馆    
4 0153045   000994589   密集书库/ [索取号:G832.2/11] 在馆    
5 0153046   000995490   密集书库/ [索取号:G832.2/11] 在馆    
唐山师范学院图书馆 欢迎您!
大连网信软件有限公司© 版权所有